[Event "RUS-ch 53rd"]
[Site "Samara"]
[Date "2000.06.19"]
[Round "3"]
[White "Volkov, Sergey"]
[Black "Maljutin, Evgeni"]
[Result "1-0"]
[WhiteElo "2582"]
[BlackElo "2451"]
[Annotator "Huzman,A"]
[PlyCount "95"]
[EventDate "2000.06.03"]
[EventType "swiss"]
[EventRounds "11"]
[EventCountry "RUS"]
[SourceTitle "CBM 078"]
[Source "ChessBase"]
[SourceDate "2000.10.18"]
[SourceVersion "1"]
[SourceVersionDate "2000.10.18"]
[SourceQuality "1"]

1. d4 d5 2. c4 dxc4 3. e4 c5 4. d5 e6 5. Nc3 exd5 6. exd5 Bd6 7. Bxc4 a6 8. a4
Nf6 9. Qe2+ Qe7 10. Qxe7+ (10. Bg5 Bf5 (10... Qxe2+ 11. Ngxe2 Nbd7 12. Ng3 O-O
13. O-O h6 14. Bxf6 Nxf6 15. a5 Re8 16. Rfe1 Rxe1+ 17. Rxe1 Bd7 $11 {1/2-1/2
Lehner,O-Zoebisch,H/AUT-chT2O 9495 1995/EXT 99 (41)}) 11. Bxf6 gxf6 12. Qxe7+
Kxe7 13. g3 Re8 14. f4 Nd7 15. Kd2 Kf8 16. Nf3 Nb6 17. b3 Re7 18. Nh4 Bd7 19.
Rhe1 Rae8 20. Rxe7 Rxe7 21. Kd3 Nc8 22. a5 $14 {1/2-1/2 Bodnar,A-Neber,Z/HUN
1999/EXT 2000 (37)}) 10... Kxe7 11. Nge2 (11. Bg5 Bf5 (11... h6 12. Bh4 Bf5 (
12... g5 13. Bg3 Bxg3 14. hxg3 Bf5 15. O-O-O Kd6 16. Nf3 Nbd7 17. Rde1 Rab8 18.
a5 Rbd8 19. Re2 Bg6 20. b3 Rc8 21. Kb2 Rcd8 22. Nd2 Rc8 23. f4 g4 24. Re3 h5
25. Be2 $16 {1-0 Solonar,S-Felczer,K/Griesheim 1998/EXT 2000 (30)}) 13. Nf3 (
13. Nge2 Bh7 (13... g5 14. Bg3 Bxg3 15. Nxg3 Bg6 16. O-O-O Kd6 17. Bd3 Nbd7 18.
Bxg6 fxg6 19. h4 g4 20. h5 gxh5 21. Nxh5 Rae8 22. Ng3 Re5 23. f4 gxf3 24. gxf3
Kc7 25. f4 Re3 26. Nf5 $16 {1-0 Spangenberg,H-Lima,D/Capablanca mem-A 1994/CBM
43 (38)}) 14. O-O-O Nbd7 15. Rhe1 Rhe8 16. Bg3 Bxg3 17. Nxg3+ Kd6 18. f4 {
1/2-1/2 Mulder,B-Bernard,R/corr 1989 (18)}) 13... Nbd7 14. O-O Rhe8 15. Bg3
Bxg3 16. fxg3 Kd6 17. Nd2 Bg6 18. h3 Rad8 19. a5 Ne5 20. b3 Nd3 21. Bxd3 Bxd3
22. Rf3 Bb5 23. Nc4+ Kc7 24. Rd1 Bxc4 25. bxc4 $14 {1-0 Stone,R-Cifuentes
Parada,R/Groningen 1991/CBM 26 ext (43)}) 12. Nge2 Nbd7 (12... h6 13. Ng3 Bg6 (
13... Bh7 14. Bxf6+ Kxf6 15. O-O Ke7 16. Rae1+ Kd8 17. f4 Nd7 18. f5 Nf6 19.
Nge4 Nxe4 20. Nxe4 Kd7 21. Nxd6 Kxd6 22. f6 g5 23. Re7 $16 {1-0 Gleizerov,
E-Afek,Y/Hamburg 1995/EXT 97 (37)}) 14. Bxf6+ Kxf6 15. O-O Ke7 16. f4 Nd7 17.
Rae1+ Kd8 18. f5 Bh7 19. Nge4 Be5 20. d6 $16 {1-0 Boensch,U-Polgar,Z/Stara
Zagora 1990/CBM 17 (43)}) 13. Ng3 Bg6 14. Nge4 (14. O-O h6 15. Rae1+ Kd8 16.
Bxf6+ Nxf6 17. Nge4 Nxe4 18. Nxe4 Kd7 19. f4 Rhe8 20. f5 Bh7 21. g4 Re5 22.
Nxd6 Rxe1 23. Rxe1 Kxd6 $11 {1/2-1/2 Soln,P-Gyimesi,Z/HUN-SLO 1996 (32)}) 14...
Rhe8 15. O-O h6 16. Bh4 Bxe4 17. Nxe4 Be5 18. Rae1 g5 19. Bg3 Nxe4 20. Bxe5
Nxe5 21. Rxe4 Kd6 $17 {0-1 Pappier,C-Kapic,I/W-ch14 sf03 corr8487 1984/CR97-84
(42)}) (11. Nf3 Re8 12. O-O Kf8 13. Bg5 Bg4 14. Bxf6 gxf6 15. Nh4 Be5 16. Bd3
Bxc3 17. bxc3 Be2 18. Bxe2 Rxe2 19. Rab1 Rd2 20. c4 Nd7 21. Rxb7 Ne5 22. Rc7
Nxc4 23. Rxc5 Nb6 {1/2-1/2 Weiler,D-Falk,T/BL 1989 (23)}) 11... Re8 12. O-O (
12. Bg5 h6 13. Bh4 g5 14. Bg3 Bf5 15. O-O Nbd7 16. Rfe1 Nb6 17. Nd4+ Kd7 18.
Nxf5 Nxc4 19. Nxh6 $16 {1-0 Soucha,S-Soukup,A/Klatovy 1995/EXT 97 (62)}) 12...
h6 13. Re1 Nbd7 ({More logical would be} 13... Kf8 $5 {preventing 14.Ng3-e4}
14. Bf4 Bxf4 15. Nxf4 Nbd7 16. Rxe8+ (16. d6 Ne5 17. Bb3 Bf5 $132) 16... Nxe8
17. Ne4 g5 18. Nd3 b6 {[%cal Yf7f5]}) 14. Ng3+ Kf8 15. Rxe8+ Nxe8 16. Nge4 $36
Be5 (16... b6 $5) 17. Be3 b6 18. f4 Bb8 $6 (18... Bd4 $1 19. Bxd4 cxd4 20. Ne2
Nc5 21. Nd2 d3 (21... a5 22. Nxd4 Bb7 23. N2f3 $16) 22. Nc1 Bb7 $140 $11 (22...
Nd6 23. Bxd3 (23. b4 Nxa4 24. Bxd3 Nc3 $15) 23... a5 $1 (23... Bb7 24. Nc4 Nxd3
25. Nxd6 Nxc1 26. Nxb7 Ne2+ 27. Kf2 Nxf4 28. d6 Rb8 29. d7 Ne6 30. Re1 Rxb7 31.
Rxe6 Rxd7 32. Rxb6 $16) 24. b3 (24. Bb5 Bb7 25. Nc4 Nxc4 26. Bxc4 Re8 $44)
24... Bb7 25. Bc4 Rd8 26. Ne2 Nc8 27. Nc3 Ne7 $11) 23. b4 $140 Nxa4) 19. Be2 {
[%cal Ga4a5]} Nd6 (19... f5 20. Nd2 Nd6 21. Nf3 $16 {[%cal Gf3e5]}) 20. a5 (20.
g4 $5) 20... f5 21. Nxd6 Bxd6 22. axb6 Nxb6 23. Ra5 Nd7 24. Bd3 g6 25. g4 fxg4
26. Bxg6 {[%cal Gc3e4]} Rb8 27. Ne4 Bc7 $2 (27... Ke7 $1 28. Ra2 Nf6 29. Nxd6
Kxd6 30. f5 Kxd5 31. Bxh6 Ke4 $11) 28. Ra2 Rb3 29. d6 $1 Rxe3 $2 (29... Bb6 30.
Kf2 c4 31. Bxb6 Rxb6 32. Ke3 Bb7 $11) 30. dxc7 Ke7 31. Bf5 $16 h5 (31... c4 32.
Ra4 Re1+ (32... Nb6 33. Bxc8 Nxc8 (33... Nxa4 34. Bxg4 Nb6 35. Nc3 $18) 34.
Rxc4 Rb3 35. Rc2 $16) 33. Kf2 Rb1 34. Rb4 $1 $16) 32. Nxc5 $18 Nxc5 (32... Re1+
33. Kf2 Nxc5 34. Bxc8 Rc1 (34... Nd3+ 35. Kg3 Kd6 36. Bxa6 Kxc7 37. Bxd3 Re3+
38. Kh4 Rxd3 39. Kxh5 g3 40. hxg3 Rxg3 41. b4 $18)) 33. Bxc8 Kd6 34. Bxg4 Kxc7
35. Bxh5 Nd3 36. f5 Re1+ 37. Kg2 Rb1 38. f6 $1 Nf4+ 39. Kf2 Kd8 40. Bf3 Rxb2+
41. Rxb2 Nd3+ 42. Ke3 Nxb2 43. Bc6 $1 {[%csl Rd8]} a5 44. Kd4 a4 45. h4 a3 46.
Bd5 Na4 47. h5 Nb6 48. h6 1-0

[Event "Yerevan zt 1.5"]
[Site "Yerevan"]
[Date "2000.06.12"]
[Round "6"]
[White "Ilincic, Zlatko"]
[Black "Izoria, Zviad"]
[Result "1-0"]
[WhiteElo "2554"]
[BlackElo "2372"]
[Annotator "Huzman,A"]
[PlyCount "61"]
[EventDate "2000.06.07"]
[EventType "swiss"]
[EventRounds "9"]
[EventCountry "ARM"]
[SourceTitle "CBM 078"]
[Source "ChessBase"]
[SourceDate "2000.10.18"]
[SourceVersion "1"]
[SourceVersionDate "2000.10.18"]
[SourceQuality "1"]

1. d4 d5 2. c4 dxc4 3. e4 Nf6 4. e5 Nd5 5. Bxc4 Nb6 6. Bb3 Nc6 7. Ne2 Bf5 8.
Nbc3 e6 9. a3 Qd7 10. O-O O-O-O 11. Be3 h5 12. Qc1 f6 13. Rd1 Qf7 14. Ng3 (14.
exf6 gxf6 15. d5 exd5 16. Nf4 Kb8 17. Ncxd5 Bd6 18. Ba2 Qg7 19. Nxb6 axb6 20.
Ne6 Bxe6 21. Bxe6 Qe7 (21... Ne5 $1 $11) 22. Bd5 Ne5 23. h3 c6 24. Be4 Bc5 25.
Qc3 $14 {0-1 Van Wely,L-Kortschnoj,V/Wijk aan Zee 2000/CBM 75/[Kortschnoj] (55)
}) 14... fxe5 $2 (14... Bg4 $5 15. f3 h4 16. Nge4 Bf5) (14... Bh7 15. Nge4 h4
16. h3 Bf5) 15. dxe5 Rxd1+ (15... Nxe5 16. Rxd8+ Kxd8 17. Nb5 Nc6 18. Bxb6 $5
axb6 19. Qf4 $16) 16. Qxd1 Nxe5 17. Nb5 $1 Nc6 18. Rc1 $40 Qd7 (18... Nd5 $142
19. Bxd5 (19. Nxf5 Qxf5 20. Bxa7 (20. Nxa7+ Nxa7 21. Bxa7 Bd6 $132) 20... Be7
21. Nd4 Nxd4 22. Bxd4 Bf6 $14) 19... exd5 20. Rxc6 bxc6 21. Nxa7+ Kd7 22. Qa4
Qg6 23. Nxf5 Qxf5 24. Qxc6+ Kd8 25. Nb5 $44) (18... a6 19. Nd4 Nxd4 20. Qxd4
Nd7 (20... Nd5 21. Qa7 $1 $18) 21. Qc3 Bd6 22. Nxf5 Qxf5 23. Qxg7 $16) 19. Nxf5
exf5 (19... Qxd1+ 20. Rxd1 exf5 21. Be6+ Kb8 22. Bf4 $16) 20. Bf4 $1 $16 Bd6
21. Nxd6+ (21. Bxd6 cxd6 22. Nxa7+ Kb8 23. Nxc6+ bxc6 24. Qf3 $16) (21. Nxa7+
Nxa7 22. Bxd6 (22. Qxd6 Qxd6 23. Bxd6 Nc6 24. Be6+ Kb8 25. Bc5 $16) 22... Nc6
23. Bc5 $16) 21... cxd6 22. Qxd6 Qxd6 23. Bxd6 $16 {The advantage of two
bishops and weak pawns of the black on the king's side determine clear
advantage of White.} Re8 24. Bf7 Re2 25. Bxh5 Rxb2 26. Be5 $1 Ra2 27. Bxg7 Kd7
(27... Rxa3 28. Bg6 f4 29. h4 $18) 28. Rd1+ Ke6 29. Re1+ Kd7 30. Be8+ Kc7 31.
h4 1-0

[Event "RUS-ch 53rd"]
[Site "Samara"]
[Date "2000.06.24"]
[Round "8"]
[White "Volkov, Sergey"]
[Black "Fominyh, Alexander"]
[Result "1/2-1/2"]
[WhiteElo "2582"]
[BlackElo "2551"]
[Annotator "Huzman,A"]
[PlyCount "68"]
[EventDate "2000.06.03"]
[EventType "swiss"]
[EventRounds "11"]
[EventCountry "RUS"]
[SourceTitle "CBM 078"]
[Source "ChessBase"]
[SourceDate "2000.10.18"]
[SourceVersion "1"]
[SourceVersionDate "2000.10.18"]
[SourceQuality "1"]

1. d4 d5 2. c4 dxc4 3. e4 Nf6 4. e5 Nd5 5. Bxc4 Nc6 6. Nc3 Nb6 7. Bb5 Bd7 8.
Nf3 e6 9. O-O Nb4 10. Be2 Bc6 11. a3 N4d5 12. Bd3 (12. Ne4 Nf4 (12... Qd7 13.
Nc5 Bxc5 14. dxc5 Na4 15. Qc2 O-O-O 16. Be3 Nxe3 17. fxe3 Qd5 18. Rac1 Qe4 19.
Qxe4 Bxe4 20. b3 Nb2 21. Nd4 $16 {1-0 Kornev,A-Arakelian,E/Kstovo 1994/CBM 42
ext (26)}) 13. Bxf4 Bxe4 14. Ng5 Bg6 15. Bf3 Rb8 16. Qc1 $1 Be7 17. Bxb7 O-O
18. Bc6 Qxd4 19. Nf3 $14 {1-0 Kortschnoj,V-Sadler,M/Arnhem 75/344 1999/Inf 75/
[Korchnoi,V] (49) [><a7, c7]}) 12... Qd7 13. Ng5 (13. Ne4 Bb5 (13... O-O-O 14.
Bg5 Be7 15. Nc5 Qe8 16. Bxe7 Nxe7 17. Re1 Na4 18. Nxa4 Bxa4 19. Qe2 h6 20. Rac1
Bc6 21. Be4 Bxe4 22. Qxe4 Rd5 $15 {1/2-1/2 Petursson,M-Anand,V/Wijk aan Zee
1990/CBM 17 (42)}) 14. Re1 Bxd3 15. Qxd3 a6 16. Bd2 Qb5 17. Qc2 Qc4 18. Rac1
Qxc2 {1/2-1/2 Khalifman,A-Sadler,M/Germany 1998/GER-chT (18)}) 13... h6 (13...
O-O-O 14. Qh5 g6 15. Qe2 Bg7 16. Nce4 Qe8 17. Nf3 Kb8 18. Bg5 Rc8 19. Rfc1 h6
20. Bd2 g5 21. b3 f5 22. Nc5 Nf4 23. Bxf4 gxf4 24. a4 Bf8 25. Bb5 $36 {1-0
Gurevich,M-Sadler,M/Germany 2000/CBM 74 ext/] (38)}) 14. Qh5 g6 15. Bxg6 $5 (
15. Qh3 O-O-O 16. Nge4 Bg7 (16... Ne7 17. Be3 Nf5 18. Rfd1 Bg7 19. Be2 Nd5 $11)
(16... Be7) (16... Na4)) 15... hxg5 16. Qxh8 fxg6 17. Bxg5 Qf7 18. Ne4 Kd7 19.
Qh4 Re8 20. f3 {It is very difficult for White to improve their position
because it is connected with moving pawns on the king's side that will bring
counterplay for Black against white king.} Kc8 21. Rae1 Kb8 22. g4 Bg7 23. Qg3
Rf8 24. Rf2 Nc8 25. h4 Nce7 26. Bd2 Bd7 27. Ng5 Qe8 28. Rh2 Nc6 29. Re4 Qe7 30.
Qf2 ({The only active plan for White is movement h5 but now it is risky for
them.} 30. h5 $6 gxh5 31. Rxh5 (31. gxh5 Bh6 32. Rg4 Be8 $15 33. Ne4 $140 Ne3)
31... Be8 {[%cal Ye8g6]}) 30... Be8 {[%cal Ye8h5] Now Black have prevented h5
and position is equal.} 31. Qe2 Qd7 32. Qc4 a6 33. Kg2 Rh8 34. Kg3 Nd8 1/2-1/2

[Event "Bermuda-A"]
[Site "Bermuda"]
[Date "2003.02.04"]
[Round "10"]
[White "Shabalov, Alexander"]
[Black "Miton, Kamil"]
[Result "0-1"]
[WhiteElo "2613"]
[BlackElo "2544"]
[Annotator "Huzman,A"]
[PlyCount "50"]
[EventDate "2003.01.25"]
[EventType "tourn"]
[EventRounds "11"]
[EventCountry "BER"]
[EventCategory "15"]
[SourceTitle "CBM 094"]
[Source "ChessBase"]
[SourceDate "2003.05.26"]
[SourceVersion "1"]
[SourceVersionDate "2003.05.26"]
[SourceQuality "1"]

1. d4 d5 2. c4 dxc4 3. e4 Nc6 4. Be3 Nf6 5. Nc3 e5 6. d5 Na5 7. Nf3 Bd6 8. Qa4+
$2 Bd7 9. Qxa5 a6 {White has entered a well-known opening trap... This game
has added little to the fact that the whole variation is quite favourable for
Black.} 10. Ne2 $2 (10. Nb1 $4 Nxe4 11. Kd1 c3 $1 {0-1 Illescas Cordoba,
M-Sadler,M/Linares 1995/CBM 51/[Romero Holmes] (11)}) (10. Na4 $1 b6 (10... Qe7
11. a3 O-O (11... Nxe4 12. Rc1 f5 13. Bxc4 b5 14. Bd3 bxa4 15. Bxe4 fxe4 16.
Ng5 O-O 17. Nxe4 Rab8 18. Nxd6 cxd6 19. O-O Rxb2 $15 {0-1 Mackie,J-Pyrich,G/
SCCA 2001 (56)}) 12. Bxc4 b5 13. Bd3 bxa4 14. O-O Rfb8 15. Rab1 Bb5 16. Qc3
Nxd5 17. exd5 Bxd3 18. Qxd3 e4 19. Qe2 exf3 20. Qxf3 Qe5 $15 {0-1 Latzke,
B-Zeller,F/GER 2001/EXT 2002 (40)}) 11. Nxb6 (11. Qc3 Bxa4 12. Qxc4 Qd7 13. h3
O-O 14. Bd3 Bb5 15. Qb3 Bxd3 16. Qxd3 Qb5 17. Qc2 a5 18. Nd2 a4 19. Rc1 Nd7 20.
Qc6 $11 {1/2-1/2 Kopylov,M-Karpatchev,A/Kiel 2001/EXT 2003 (51)}) 11... cxb6
12. Bxb6 Qe7 13. a3 c3 (13... Nxe4 14. Bxc4 O-O 15. O-O Bg4 (15... Rab8 16.
Rae1 f5 17. Re3 Kh8 18. Bxa6 Ra8 19. b4 $16 {1-0 Candela Perez,J-Najer,E/
Linares 2002/CBM 87 ext (37)}) 16. Nd2 Ng5 17. f3 Bf5 18. Rae1 Rab8 19. b4 Nh3+
20. Kh1 Nf4 21. Ne4 $16 {1-0 Gamarra Caceres,C-Recalde,A/Asuncion 2001/EXT
2003 (39)}) 14. bxc3 Nxe4 15. Be2 (15. Bd3 Nc5 16. Bxc5 Bxc5 17. O-O O-O 18.
Nxe5 $16 {1-0 Haba,P-Fahnenschmidt,G/Boeblingen 1999/EXT 2001 (61)}) 15... O-O
16. O-O Nc5 17. Bxc5 Bxc5 18. Bd3 Qd6 19. Rad1 Bg4 20. Be2 Bxa3 $11 {1/2-1/2
Stocek,J-Gonzalez Garcia,J/Koszeg 1997/EXT 2001 (33)}) (10. b4 $1 b6 11. Qa3 a5
12. Qc1 axb4 13. Nd1 (13. Ne2 $5 Nxe4 14. Qxc4 f5 15. Ng3 $16) 13... b5 14. Bg5
h6 15. Bxf6 Qxf6 16. Ne3 O-O 17. Nd2 Bc5 18. Ndxc4 bxc4 19. Bxc4 Bd4 $17 {
0-1 Sturua,Z-Kharlov,A/Batumi 2002/CBM 90 (29)}) (10. Bxc4 b6 11. Qxa6 Rxa6 12.
Bxa6 O-O 13. O-O Ng4 14. Bd2 f5 15. exf5 Bxf5 16. h3 Nf6 17. Rfe1 Qe8 18. Bf1
e4 $15 {1/2-1/2 Karpov,A-Lautier,J/Monte Carlo 1996/CBM 52 ext (57)}) (10. Bc5
b6 11. Bxd6 bxa5 12. Ba3 Rb8 (12... Bb5 13. b3 Nxe4 14. Nxe4 cxb3 15. O-O-O
bxa2 16. Kb2 f6 $19 {0-1 Epishin,V-Baburin,A/Vienna 1998/EXT 2000 (32)}) 13.
Nxe5 Rb4 14. Nxc4 (14. Bxc4 O-O $17 {0-1 Epishin,V-Vaulin,A/Maikop 1998/CBM 66/
[Huzman] (61)}) 14... O-O 15. Bd3 Nh5 16. Bxb4 axb4 17. Ne2 Bb5 18. Rd1 Re8 19.
O-O f5 20. exf5 Rxe2 21. Bxe2 Nf4 $19 {0-1 Van Laatum,G-Kraemer,M/Ruhrgebiet
1998/EXT 2002 (26)}) 10... Nxe4 11. O-O-O (11. b4 Qe7 (11... b6 12. Qa3 a5 13.
Qb2 axb4 $5 (13... Bxb4+ 14. Bd2 Nxd2 15. Nxd2 O-O 16. a3 Bxd2+ 17. Qxd2 b5 18.
Ng3 $13) 14. Nxe5 c3 15. Qc2 Nxf2 16. Nxf7 Kxf7 17. Bxf2 (17. Kxf2 Re8 $40)
17... Qg5 $40) 12. Rb1 (12. Bc5 Nxc5 13. bxc5 Bxc5 $17) 12... O-O 13. Ng3 Nc3
14. Rb2 b6 15. Qa3 Nxd5 $17) 11... c3 $1 12. b4 b6 13. Qa3 a5 14. Qb3 axb4 15.
Ng3 (15. Qc4 f5 16. Kb1 Ra4 17. Qd3 Qa8 {0-1 Joyce,J-Baburin,A/Bunratty 1999/
EXT 2000 (17)}) 15... Ra3 $1 (15... Ba4 $5 16. Qc4 Bxd1 17. Kxd1 Nxg3 18. hxg3
Qd7 $19) 16. Qxa3 (16. Qc4 Nxg3 17. hxg3 Qa8 $1 $19) (16. Nxe4 Rxb3 17. axb3
Qa8 $1 $19) 16... bxa3 17. Nxe4 O-O (17... Qa8 $5 18. Nxc3 Qa5 19. Ne4 f5 20.
Nxd6+ cxd6 $19) 18. Nxc3 f5 19. Bc4 (19. Be2 e4 20. Nd4 f4 21. Bd2 Qf6 22. Nc2
Re8 $19) 19... b5 20. Bb3 b4 21. Ne2 f4 $1 22. Nxf4 (22. Bd2 e4 23. Nfd4 Qf6
$19) 22... exf4 23. Bd4 Qa8 24. Rd2 Qa6 25. Rc2 Ba4 0-1

[Event "Metalska Trgovina CC 90"]
[Site "Ljubljana"]
[Date "2002.01.25"]
[Round "6"]
[White "Soln, Primoz"]
[Black "Sveshnikov, Evgeny"]
[Result "1/2-1/2"]
[WhiteElo "2412"]
[BlackElo "2565"]
[Annotator "Huzman,A"]
[PlyCount "110"]
[EventDate "2002.01.19"]
[EventType "tourn"]
[EventRounds "11"]
[EventCountry "SLO"]
[EventCategory "11"]
[SourceTitle "CBM 088"]
[Source "ChessBase"]
[SourceDate "2002.03.21"]
[SourceVersion "1"]
[SourceVersionDate "2002.03.21"]
[SourceQuality "1"]

1. d4 d5 2. c4 dxc4 3. e4 Nc6 4. Be3 Nf6 5. Nc3 e5 6. d5 Na5 7. Nf3 Bd6 8. Nd2
O-O (8... Ng4 $5 9. Qa4+ (9. Qf3 Qh4 10. g3 Qe7 11. Nxc4 Nxc4 12. Bxc4 O-O 13.
O-O-O Nxe3 14. fxe3 a6 15. g4 b5 16. Bd3 Rb8 17. Ne2 c5 18. dxc6 Rb6 19. Kb1
Rxc6 $17 {0-1 Harovelo,I-Bacrot,E/France 1996/CBM 55 ext (39)}) 9... c6 10.
dxc6 O-O 11. Nxc4 Nxc4 12. Bxc4 Nxe3 13. fxe3 Qh4+ 14. g3 Qh6 15. O-O-O Bc5 16.
c7 Bg4 17. Rd3 Rac8 18. Kb1 Rxc7 19. Nd5 Rcc8 20. Rc1 Bf3 21. Bb3 b5 $19 {
0-1 Sergienko,S-Vaulin,A/St Petersburg 2000/EXT 2001 (28)}) (8... a6 9. Nxc4
Nxc4 10. Bxc4 Ng4 11. O-O Qh4 12. h3 Nxe3 13. fxe3 O-O 14. Rf3 Bd7 $17 {
0-1 Rueetschi,U-Sherwin,J/SUI 1997/EXT 99 (33)}) 9. h3 Bb4 $1 (9... c6 10. dxc6
(10. Nxc4 Bb4 $1 11. Bd2 cxd5 12. exd5 Nxc4 13. Bxc4 Bf5 $15) 10... Nxc6 11.
Bxc4 $11) 10. Qc2 c6 11. dxc6 Nxc6 12. Bxc4 Nd4 $36 13. Qd1 (13. Qd3 Be6 14.
Bxe6 (14. Rd1 Bxc4 15. Nxc4 Nb5 $1 $17) 14... Nxe6 (14... Nf3+ 15. Ke2 Qxd3+
16. Kxd3 Nxd2 17. Bxd2 fxe6 18. f3 $11) 15. Qxd8 Rfxd8 $15) 13... b5 (13... Qa5
14. Rc1 b5 15. Bd5 Nxd5 16. Nxd5 Be6 17. a3 $11) 14. Bd3 (14. Bd5 $5 Rb8 15.
O-O $11) 14... Bb7 15. O-O Nf5 $1 16. Qe2 (16. Bxb5 Nxe3 17. fxe3 Bxc3 (17...
Qb6 18. Qe2 Rfd8 $44) 18. bxc3 Qc7 19. c4 (19. Rxf6 gxf6 20. Qg4+ Kh8 21. Qf5
Qb6 $17) 19... Nxe4 20. Nxe4 Bxe4 $17) 16... Nxe3 17. Qxe3 a6 $15 18. Nb3 Rc8 (
18... Qe7 19. a4 $132) 19. Rac1 Ba5 {[%cal Ya5b6,Yb6g1]} (19... Qd6 $5 20. Ne2
(20. Rfd1 Bxc3 21. bxc3 Qa3 $15) 20... Rxc1 21. Rxc1 Rd8 $15) 20. Nxa5 Qxa5 {
[%cal Yb5b4]} 21. Bb1 (21. a3 b4 22. axb4 Qxb4 23. Rc2 Rfd8 $15 {/-/+}) 21...
Qb4 (21... Rfd8 22. Rfd1 $15) 22. b3 (22. Qe2 Rfd8 23. Rfd1 Rd4 $15) 22... Rfd8
23. Qb6 Qe7 (23... Ba8 24. Nd5 $1 Bxd5 (24... Nxd5 25. Rxc8 Rxc8 26. exd5 Bxd5
27. Rd1 g6 28. Qxa6 $11) 25. Rxc8 Rxc8 26. exd5 Nxd5 27. Qxa6 $11) 24. Rcd1
Rxd1 $2 (24... g6 25. Rxd8+ Rxd8 26. Rd1 Rxd1+ 27. Nxd1 Bxe4 28. Bxe4 Nxe4 29.
Qxa6 Qb4 $36) 25. Rxd1 g6 26. Nd5 Nxd5 27. exd5 $14 Kg7 28. d6 Qd7 29. Qe3 Qe6
30. Be4 $1 Bxe4 31. Qxe4 Rd8 32. Qc6 $16 e4 $1 33. Qxa6 e3 34. Qxb5 (34. Qc6 $5
e2 35. Qc3+ Kg8 36. Re1 Rxd6 37. Qc2 $16) 34... exf2+ 35. Kxf2 Qf6+ 36. Kg1
Rxd6 37. Rxd6 Qxd6 {White would have probably brough this objectively winning
position to a logical conclusion had it not been for the new time control.} 38.
a4 (38. Qc4 Qd1+ 39. Kf2 Qd2+ 40. Qe2 Qf4+) 38... Qd4+ 39. Kf1 Qf4+ 40. Ke2
Qe4+ 41. Kd1 Qd4+ (41... Qxg2 42. Qd3) 42. Kc2 Qf2+ 43. Kc3 Qe1+ 44. Kc4 Qe2+
45. Kc5 Qf2+ 46. Kd6 Qf6+ 47. Kc7 Qe7+ 48. Kb8 Qd6+ 49. Ka7 Qe7+ 50. Ka6 Qd6+
51. Ka5 Qd8+ 52. Qb6 Qd5+ 53. Kb4 Qd2+ 54. Kc4 Qc2+ 55. Kb4 Qd2+ 1/2-1/2

[Event "Moscow Aeroflot op"]
[Site "Moscow"]
[Date "2002.02.07"]
[Round "4"]
[White "Jobava, Baadur"]
[Black "Rublevsky, Sergei"]
[Result "1/2-1/2"]
[WhiteElo "2556"]
[BlackElo "2655"]
[Annotator "Huzman,A"]
[PlyCount "101"]
[EventDate "2002.02.04"]
[EventType "swiss"]
[EventRounds "9"]
[EventCountry "RUS"]
[SourceTitle "CBM 088"]
[Source "ChessBase"]
[SourceDate "2002.03.21"]
[SourceVersion "1"]
[SourceVersionDate "2002.03.21"]
[SourceQuality "1"]

1. d4 d5 2. c4 dxc4 3. e4 e5 4. Nf3 exd4 5. Bxc4 Bb4+ 6. Nbd2 Nc6 7. O-O Nf6 8.
e5 Nd5 9. a3 Be7 10. Qb3 Na5 11. Qa4+ Nc6 (11... c6 12. Ba2 b5 13. Qxd4 Be6 14.
Ne4 h6 (14... c5 15. Nxc5 Nc6 16. Nxe6 Nxd4 17. Nxd8 Nxf3+ 18. gxf3 Rxd8 19.
Rd1 $18 {1-0 Milov,V-Radulov,I/Heraklio 1993/TD (34)}) 15. Nc5 Bxc5 16. Qxc5
Qb6 17. Qc2 (17. Qxb6 Nxb6 18. Bxe6 fxe6 19. Nd4 Kd7 20. Rd1 Nd5 21. b3 a6 22.
Bd2 Nb7 23. Rac1 c5 24. Ne2 Rac8 25. Nc3 Nxc3 26. Rxc3 Kc6 27. Be3 Rhd8 $11 {
1/2-1/2 Sorin,A-Spangenberg,H/Pena City 1996/CBM 55 ext (35)}) 17... c5 18. b4
cxb4 19. axb4 Qc6 20. Qb2 Nc4 21. Bxc4 Qxc4 22. Bd2 O-O 23. Nd4 Nb6 24. Be3 Bd5
25. Rfc1 Qd3 26. Qb1 $14 {1-0 Gyimesi,Z-Stevic,H/Pula CRO 1999 (57)}) 12. Nxd4
(12. Bb5 Nb6 13. Bxc6+ bxc6 14. Qxd4 $14) 12... Nb6 13. Nxc6 Nxa4 14. Nxd8 Bxd8
15. Ne4 (15. f4 Nb6 16. Bd3 (16. Ba2 Be6 (16... g6 17. Ne4 Be7 18. Be3 Be6 19.
Bxe6 fxe6 20. Rac1 Nd5 21. Bc5 Bxc5+ 22. Nxc5 Ke7 23. b4 $14 Rhb8 24. Rf3 c6
25. Nb3 Rf8 26. Rcf1 Rf7 27. Na5 Raf8 28. g3 g5 $1 $132 {1/2-1/2 Vyzmanavin,
A-Rublevsky,S/Moscow 1991/URS-ch/[Ftacnik] (37)}) 17. Bxe6 fxe6 18. Ne4 Be7 19.
Be3 O-O-O 20. Bc5 Bxc5+ 21. Nxc5 Rhe8 22. Rad1 Rxd1 23. Rxd1 Nc4 24. Rd4 Nxb2
25. Nxb7 Kxb7 26. Rb4+ Kc6 27. Rxb2 Rd8 28. Rc2+ Kb6 29. Rb2+ Kc6 30. Rc2+ Kb6
31. Rb2+ Kc6 {1/2-1/2 Flear,G-Sadler,M/Isle of Man 1994/EXT 97 (31)}) 16... g6
17. Be4 Rb8 18. Nf3 Be6 19. Be3 Bd5 20. Bxb6 Bxe4 21. Bxa7 Ra8 22. Be3 O-O 23.
Rfd1 $14 {1-0 Milov,V-Howell,J/Isle of Man 1994/EXT 97 (54) /+/-}) 15... Be7 {
[%cal Ya4c5]} (15... O-O $5 16. f4 (16. Bb3 Bf5 17. Ng3 Nc5 $11) 16... Bf5 17.
Ng3 Be6 $11) 16. b4 Nb6 17. Be2 (17. Bb3 Be6 18. Bxe6 fxe6 19. Bg5 Nd5 $11)
17... Bf5 18. Ng3 Be6 19. f4 f5 20. Be3 Nd5 21. Bc5 $14 Bxc5+ 22. bxc5 Ne3 $6 (
22... Ke7 23. Rab1 b6 24. Bd3 g6 25. Ne2 Rhd8 26. Rfc1 $36) (22... O-O-O $5 23.
Bc4 Rhe8 24. Rad1 g6 $11) 23. Rf3 Nd5 (23... Nc2 $2 24. Rd1 Rd8 25. Rxd8+ Kxd8
26. Bd1 $18 {[%csl Rc2]}) 24. Bc4 c6 (24... Rd8 25. Rd1 Rf8 26. Rfd3 c6 27. Ne2
$14) 25. Rb1 Rb8 26. Rfb3 (26. Bxd5 Bxd5 27. Rf2 Rf8 28. Rfb2 Rf7 $11) 26...
Nxf4 27. Rxb7 Rxb7 28. Rxb7 O-O 29. Bxe6+ Nxe6 30. Rxa7 Nxc5 31. Rc7 g6 $1 $14
{/+/-} 32. Rxc6 Nd3 33. e6 Nf4 34. a4 Ra8 35. a5 Kf8 (35... Rxa5 $4 36. Rc8+
Kg7 37. e7 $18) 36. a6 Ke7 37. Rc7+ Kd6 38. Rxh7 Rxa6 39. e7 Ra8 $11 40. Rh4
Ke5 41. Nf1 Nd5 42. Ra4 Re8 43. Ra5 Ke6 44. Nd2 Rxe7 45. Nf3 Rb7 46. Ra6+ Rb6
47. Rxb6+ Nxb6 48. Kf2 Kf6 49. h3 Nd5 50. g4 fxg4 51. Ke1 1/2-1/2